000 00347pab a2200145 454500
008 180718b1997 xxu||||| |||| 00| 0 eng d
100 _aKaldate, Sudha
245 _aRestoring childhood rights to child labour
260 _c1997
300 _ap.66-76
362 _aSep-Dec
650 _aChild labour
773 _aSocial Change
909 _a42942
999 _c42942
_d42942